Southville International School and Colleges
Your cart is empty.
  • Cart
  • Lists
    Public lists Eva Luna New books Lux_list list_1
    Your lists Log in to create your own lists
  • Log in to your account
  • Your cookies
  • Search history
Southville International School and Colleges
  • Advanced search
  • Recent comments
  • Most popular
  • Libraries

Log in to your account

Log in with GOOGLE


If you do not have an external account, but do have a local account, you can still log in:

  1. Home
  2. MARC view: Microsoft PowerPoint 4 for Windows step by step /
Normal view MARC view ISBD view

Microsoft PowerPoint 4 for Windows step by step / (Record no. 140)

[ view plain ]
MARC details
000 -LEADER
fixed length control field 00954pam a2200277 a 4500
001 - CONTROL NUMBER
control field 2525818
003 - CONTROL NUMBER IDENTIFIER
control field OSt
005 - DATE AND TIME OF LATEST TRANSACTION
control field 20140310181621.0
008 - FIXED-LENGTH DATA ELEMENTS--GENERAL INFORMATION
fixed length control field 931214s1994 waua 001 0 eng
010 ## - LIBRARY OF CONGRESS CONTROL NUMBER
LC control number 93047601
040 ## - CATALOGING SOURCE
Original cataloging agency DLC
Transcribing agency DLC
Modifying agency DLC
050 00 - LIBRARY OF CONGRESS CALL NUMBER
Classification number T 385
Item number .M52 1994
082 00 - DEWEY DECIMAL CLASSIFICATION NUMBER
Classification number HS
Item number 001.4 M58 1994
245 00 - TITLE STATEMENT
Title Microsoft PowerPoint 4 for Windows step by step /
Statement of responsibility, etc Perspection.
260 ## - PUBLICATION, DISTRIBUTION, ETC. (IMPRINT)
Place of publication, distribution, etc Redmond, Wash. :
Name of publisher, distributor, etc Microsoft Press,
Date of publication, distribution, etc c1994.
300 ## - PHYSICAL DESCRIPTION
Extent 310 p. :
Other physical details ill. ;
Dimensions 24 cm.
541 ## - IMMEDIATE SOURCE OF ACQUISITION NOTE
-- 1
630 00 - SUBJECT ADDED ENTRY--UNIFORM TITLE
Uniform title Microsoft PowerPoint (Computer file)
9 (RLIN) 7948
650 #0 - SUBJECT ADDED ENTRY--TOPICAL TERM
Topical term or geographic name as entry element Presentation graphics software.
9 (RLIN) 7949
710 2# - ADDED ENTRY--CORPORATE NAME
Corporate name or jurisdiction name as entry element Perspection, Inc.
9 (RLIN) 7950
740 0# - ADDED ENTRY--UNCONTROLLED RELATED/ANALYTICAL TITLE
Uncontrolled related/analytical title Microsoft PowerPoint four for Windows step by step.
740 0# - ADDED ENTRY--UNCONTROLLED RELATED/ANALYTICAL TITLE
Uncontrolled related/analytical title PowerPoint four.
856 42 - ELECTRONIC LOCATION AND ACCESS
Materials specified Contributor biographical information
Uniform Resource Identifier <a href="http://www.loc.gov/catdir/enhancements/fy1004/93047601-b.html">http://www.loc.gov/catdir/enhancements/fy1004/93047601-b.html</a>
906 ## - LOCAL DATA ELEMENT F, LDF (RLIN)
a 7
b cbc
c orignew
d 1
e ocip
f 19
g y-gencatlg
942 ## - ADDED ENTRY ELEMENTS (KOHA)
Source of classification or shelving scheme Library of Congress Classification
Koha item type
Holdings
Withdrawn status Lost status Source of classification or shelving scheme Damaged status Home library Current library Shelving location Date acquired Total Checkouts Full call number Barcode Date last seen Copy number Price effective from Koha item type
    Library of Congress Classification   Luxembourg Library Luxembourg Library High School Section 01/09/2012   T 385 .M52 1994 14901 08/13/2013 1 10/03/2013 Books

Microsoft PowerPoint 4 for Windows step by step /

APA

Perspection I., . (1994). Microsoft PowerPoint 4 for Windows step by step. Redmond, Wash: Microsoft Press.

Chicago

Perspection Inc, . 1994. Microsoft PowerPoint 4 for Windows step by step. Redmond, Wash: Microsoft Press.

Harvard

Perspection I., . (1994). Microsoft PowerPoint 4 for Windows step by step. Redmond, Wash: Microsoft Press.

MLA

Perspection Inc, . Microsoft PowerPoint 4 for Windows step by step. Redmond, Wash: Microsoft Press. 1994.

  • Place hold
  • Print
  • Cite
  • Add to your cart (remove)
  • Save record
    BIBTEX Dublin Core MARCXML MARC (non-Unicode/MARC-8) MARC (Unicode/UTF-8) MARC (Unicode/UTF-8, Standard) MODS (XML) RIS
  • More searches
    Search for this title in:
    Other Libraries (WorldCat) Other Databases (Google Scholar) Online Stores (Bookfinder.com) Open Library (openlibrary.org)

Exporting to Dublin Core...

SOUTHVILLE LIBRARY

Southville International School and Colleges Library

1281 Tropical Ave. Cor. Luxembourg St., BF Homes International, Las Pinas City

Tel. No. 8256374 / 252358 Loc. 117/146

Powered by Koha